000
00430nam a2200145Ia 4500
008
100122s9999 xx 000 0 und d
082
_b
48018
_a
824
100
_a
कोटक वजु
245
_a
प्रभातपुष्प
260
_b
प्रवीण प्रकाशन
_c
1992
300
_a
271
630
_a
प्रभातपुष्प
730
_a
प्रभातपुष्प
942
_c
BOOK
999
_c
426740
_d
426737